Những vấn đề về chiến lược phát triển giáo dục trong thời kỳ công nghiệp hóa, hiện đại hóa Giáo dục trung học phổ thông ( Kỷ yếu hội thảo )

সংরক্ষণ করুন:
গ্রন্থ-পঞ্জীর বিবরন
প্রধান লেখক: Bộ Giáo dục và Đào tạo
বিন্যাস: গ্রন্থ
ভাষা:Undetermined
প্রকাশিত: Hà Nội Giáo Dục 1998
বিষয়গুলি:
ট্যাগগুলো: ট্যাগ যুক্ত করুন
কোনো ট্যাগ নেই, প্রথমজন হিসাবে ট্যাগ করুন!
Thư viện lưu trữ: Trung tâm Học liệu Trường Đại học Cần Thơ
LEADER 00706nam a2200181Ia 4500
001 CTU_36140
008 210402s9999 xx 000 0 und d
082 |a 373 
082 |b Nh556 
100 |a Bộ Giáo dục và Đào tạo 
245 0 |a Những vấn đề về chiến lược phát triển giáo dục trong thời kỳ công nghiệp hóa, hiện đại hóa 
245 0 |b Giáo dục trung học phổ thông ( Kỷ yếu hội thảo ) 
245 0 |c Bộ Giáo dục và Đào tạo 
260 |a Hà Nội 
260 |b Giáo Dục 
260 |c 1998 
650 |a education, secondary 
980 |a Trung tâm Học liệu Trường Đại học Cần Thơ